Forging links : (Record no. 470)
[ view plain ]
| 000 -LEADER | |
|---|---|
| fixed length control field | 01301cam a2200349 a 4500 |
| 003 - CONTROL NUMBER IDENTIFIER | |
| control field | OSt |
| 005 - DATE AND TIME OF LATEST TRANSACTION | |
| control field | 20210614115302.0 |
| 008 - FIXED-LENGTH DATA ELEMENTS--GENERAL INFORMATION | |
| fixed length control field | 020123s1996 ke b 100 0 eng |
| 020 ## - INTERNATIONAL STANDARD BOOK NUMBER | |
| International Standard Book Number | 996690087X |
| 040 ## - CATALOGING SOURCE | |
| Transcribing agency | DLC |
| 042 ## - AUTHENTICATION CODE | |
| Authentication code | lcode |
| 043 ## - GEOGRAPHIC AREA CODE | |
| Geographic area code | fs----- |
| 050 00 - LIBRARY OF CONGRESS CALL NUMBER | |
| Classification number | HB74.9 |
| Item number | .A357 1996 |
| 111 2# - MAIN ENTRY--MEETING NAME | |
| Number of part/section/meeting | (1st : |
| Date of meeting or treaty signing | 1995 : |
| 245 10 - TITLE STATEMENT | |
| Title | Forging links : |
| Remainder of title | economic research and policy making in sub-Saharan Africa : papers presented at the 1995 Senior Policy Seminar / |
| Statement of responsibility, etc. | edited by Matthew Martin and Gillian Ngola. |
| 260 ## - PUBLICATION, DISTRIBUTION, ETC. | |
| Place of publication, distribution, etc. | Nairobi, Kenya : |
| Name of publisher, distributor, etc. | African Economic Research Consortium, |
| Date of publication, distribution, etc. | c1996. |
| 300 ## - PHYSICAL DESCRIPTION | |
| Extent | 104 p. ; |
| Dimensions | 25 cm. |
| 500 ## - GENERAL NOTE | |
| General note | "Proceedings"--Cover. |
| 504 ## - BIBLIOGRAPHY, ETC. NOTE | |
| Bibliography, etc. note | Includes bibliographical references. |
| 700 1# - ADDED ENTRY--PERSONAL NAME | |
| Personal name | Martin, Matthew, |
| Dates associated with a name | 1962- |
| 700 1# - ADDED ENTRY--PERSONAL NAME | |
| Personal name | Ngola, Gillian. |
| 710 2# - ADDED ENTRY--CORPORATE NAME | |
| Corporate name or jurisdiction name as entry element | African Economic Research Consortium. |
| 906 ## - LOCAL DATA ELEMENT F, LDF (RLIN) | |
| a | 7 |
| b | cbc |
| c | origode |
| d | 3 |
| e | ncip |
| f | 20 |
| g | y-gencatlg |
| 942 ## - ADDED ENTRY ELEMENTS (KOHA) | |
| Source of classification or shelving scheme | |
| Koha item type | Book |
| Suppress in OPAC | SO |
| Withdrawn status | Lost status | Source of classification or shelving scheme | Damaged status | Not for loan | Permanent Location | Current Location | Shelving location | Date acquired | Total Checkouts | Full call number | Barcode | Date last seen | Copy number | Price effective from | Koha item type | Public note |
|---|---|---|---|---|---|---|---|---|---|---|---|---|---|---|---|---|
| AU LIBRARY | AU LIBRARY | Open Shelf | 14.06.2021 | HB74.9 .A357 1996 C1 | 28001023 | 14.06.2021 | 1 | 14.06.2021 | Book | SO | ||||||
| AU LIBRARY | AU LIBRARY | Open Shelf | 14.06.2021 | HB74.9 .A357 1996 C2 | 28001024 | 14.06.2021 | 2 | 14.06.2021 | Book | SO |